LDR 00619naa#a2200169#i#450# 001 EN\\bibl\122015 005 20260629203338.1 011 ## _a2782-5256 100 ## _a20260319b2026####ek#y0engy0150####ca 102 ## _aRU 200 1# _aActual problems of studying handwritten notes made under the influence of hypnosis _eJournal article 210 1# _aMoscow _cMoscow University of the Ministry of Internal Affairs of Russia named after V.Ya. Kikot _d2026 215 ## _a3 с. 608 ## _aJournal article _2local 675 ## _aПраво. Юридические науки. 34 _z 700 #1 _aGulina _gElena Georgievna 856 4# _amosumvd.editorum.ru _u